000 00227nam a2200097Ia 4500
001 773672
005 20250826165756.0
008 250824s9999 xx 000 0 und d
245 0 _aKABUS
_cALEV ALATLI
260 _bEVEREST YAYINLARI
999 _c773672
_d773672